1097 1842 1425 1712 1111 1609 1105 1892 1368 1247 1910 2000 1837 1160 1536 1416 1552 1088 1464 1589 1322 1859 1959 1210 1165 1702 1987 1822 1550 1772 1392 1721 1445 1922 1610 1485 1708 1359 1094 1993 1026 1336 1395 1837 1139 1031 1796 1476 1560 1150 1908 1101 1980 1282 1030 1334 1969 1070 1828 1309 1515 1498 1092 1552 1372 1823 1338 1896 1385 1391 1453 1472 1396 1786 1448 1190 1436 1273 1663 1180 1528 1314 1927 1183 1388 1727 1300 1262 1740 1921 1144 1151 1801 1108 1250 1498 1292 1644 1022 BCNSPRNW ULIB Ver.6.0+V

เปลี่ยนเป็นภาษาไทย

Change to English
 แสดงรายละเอียดบรรณานุกรม
  กลับหน้าหลัก

Brief Record : Get Marc (ISO 2709) : E-mail record : QR code < ปิดหน้าต่าง
LEADER : 00000nam 2200000uu 4500
001    13399123951
003     ULIB
008    141215s2556||||th 000 0 tha d
020    ^a9786165070812
060  4 ^aWS105^bศ243
100 0  ^aศรีเรือน แก้วกังวาล
245 10 ^aจิตวิทยาเด็กและผู้ใหญ่ที่มีลักษณะพิเศษ :^bด้อยความสามารถทางการเรียน (LD) สมาธิสั้น ไฮเปอร์แอกทีฟปัญญาเลิศ /^cศรีเรือน แก้วกังวาล
250    ^aพิมพ์ครั้งที่ 6(ฉบับปรับปรุง)
260    ^aกรุงเทพฯ :^bหมอชาวบ้าน,^c2556
300    ^a480 หน้า :^bภาพประกอบ
500    ^aปรับปรุงจากหนังสือ จิตวิทยาเด็กที่มีลักษณะพิเศษ.พิมพ์ครั้งที่ 5. 2550
650  7 ^aเด็กพิเศษ^xจิตวิทยา
650  7 ^aจิตวิทยาเด็ก
650  7 ^aพฤติกรรมศาสตร์
650  7 ^aผู้ใหญ่^xจิตวิทยา
945    ^p350^l0^i22761
945    ^p350^l0^i22762
999    ^aทศพร เกษรทอง
รายการนี้ยังไม่มีแท็ก
คุณยังไม่ได้ล็อกอิน คุณสามารถมีกิจกรรมร่วมกับเว็บไซต์ได้ แต่ต้องล็อกอินก่อน ::
  ล็อกอิน

รายการสื่อสารสนเทศ

ลำดับที่ ประเภท เลขเรียก/บาร์โค้ด สถานที่ สถานะ
1. วิทยาศาสตร์การแพทย์ และสุขภาพ
วิทยาศาสตร์การแพทย์ และสุขภาพ
สถานะ=หนังสือเก่า
WS105 ศ243 ฉ.1 
  Barcode: 22761
ห้องสมุดวิทยาเขตนครสวรรค์
►ส่วนจัดเก็บหนังสือเก่า นว.
บนชั้น
  ขอยืม
2. วิทยาศาสตร์การแพทย์ และสุขภาพ
วิทยาศาสตร์การแพทย์ และสุขภาพ
สถานะ=หนังสือเก่า
WS105 ศ243 ฉ.2 
  Barcode: 22762
ห้องสมุดวิทยาเขตนครสวรรค์
►ส่วนจัดเก็บหนังสือเก่า นว.
บนชั้น
  ขอยืม

รายการใกล้เคียง
    ผู้แต่ง [ศรีเรือน แก้วกังวาล]

    หัวเรื่อง [จิตวิทยาเด็ก]
    หัวเรื่อง [พฤติกรรมศาสตร์]

BibComment


ยังไม่เคยถูกคอมเมนท์

คอมเมนท์ทรัพยากรรายการนี้
  คอมเมนท์: จิตวิทยาเด็กและผ..


 Copyright 2026. Bcnsprnw @Library